[Event "Bundesliga 0607"]
[Site "Germany"]
[Date "2006.12.10"]
[Round "6.7"]
[White "Handke, Florian"]
[Black "Souleidis, Georgios"]
[Result "1-0"]
[WhiteElo "2459"]
[BlackElo "2407"]
[Annotator "Reeh,O"]
[PlyCount "65"]
[EventDate "2006.10.28"]
[EventType "team-tourn"]
[EventRounds "15"]
[EventCountry "GER"]
[SourceTitle "CBM 116"]
[Source "ChessBase"]
[SourceDate "2007.02.01"]
[SourceVersion "1"]
[SourceVersionDate "2007.02.01"]
[SourceQuality "1"]
[WhiteTeam "Wattenscheid"]
[BlackTeam "Katernberg"]
[WhiteTeamCountry "GER"]
[BlackTeamCountry "GER"]

1. e4 c5 2. Nf3 Nc6 3. Bb5 Nf6 4. Nc3 Nd4 {This variation is very dangerous
for Black. Diese Variante ist sehr gefährlich für Schwarz.} 5. e5 Nxb5 6. Nxb5
Nd5 7. Ng5 $1 {Threatening 7.Qf3. Droht 7.Qf3.} h6 8. Nxf7 $1 Kxf7 9. Qf3+ Nf6
(9... Ke6 10. c4 Nb6 11. g4 g6 12. d4 {and Black won't live very long. und
Schwarz lebt nicht mehr lang.}) 10. exf6 exf6 11. Qd5+ Kg6 12. O-O Qb6 13. c4
Qe6 14. Qd3+ Qf5 15. Qg3+ Qg5 (15... Kh7 {was more stubborn. war hartnäckiger.}
) 16. Qb3 {With such a bad black king, of course White does not want to
exchange queens. Bei einem derart schlechten schwarzen König will Weiß
natürlich nicht die Damen tauschen.} Qe5 17. d4 $1 {Increasing White's lead in
development even more. Baut den weißen Entwicklungsvorsprung noch mehr aus.}
cxd4 18. Bd2 a6 19. Rfe1 Qc5 20. Qd3+ Qf5 21. Qg3+ Kf7 $2 (21... Kh7 {was
again the better choice, although after war wiederum die bessere Wahl, obwohl
Weiß auch dann nach} 22. Nxd4 {White is clearly better. klar besser steht.})
22. Nc7 $1 {I think that already here White saw his strike on move 24! Ich
glaube, Weiß hatte an dieser Stelle bereits den Schlag im 24. Zug vor Augen!}
Ra7 23. Nd5 b5 {[%tqu "En","Has Black everything under control?","White is
controlling the e-file.  The entry square e7 is covered by black's king and
bishop.","Show that two defenders of the square e7 are not enough!","d5e7",
"Excellent!  Of course you have already seen what happens if Black takes the
bold knight.",10,"De","Hat Schwarz alles unter Kontrolle?","Weiß kontrolliert
die e-Linie. Das Einbruchsfeld e7 wird von König und Läufer von Schwarz
gedeckt.","Zeigen Sie, dass zwei Verteidiger des Feldes e7 nicht ausreichen!",
"d5e7","Ausgezeichnet!  Natürlich haben Sie bereits gesehen, was passiert,
wenn Schwarz den kühnen Springer schlägt.",10]} 24. Ne7 $1 Bxe7 (24... Qc5 {
[%tqu "En","Ten seconds to find the mate in one!","","","g3g6","",10,"De",
"Zehn Sekunden, um das einzügige Matt zu finden!","","","g3g6","",10]} 25. Qg6#
) {[%tqu "En","What was the idea of White's sacrifice on the previous move?",
"The black king is protecting both e7 and g7.","","e1e7","Of course! 
Deflecting the black king from the defence of g7, White wins back his material
and achieves a winning position.",10,"De","Was war die Idee des weißen Opfers
im vorigen Zug?","Der schwarze König deckt sowohl e7 als auch g7.","","e1e7",
"Natürlich!  Durch die Ablenkung des schwarzen Königs von der Verteidigung von
g7 gewinnt Weiß sein Material zurück und erreicht eine Gewinnstellung.",10]}
25. Rxe7+ $1 {The point - g7 falls! Die Pointe - g7 fällt!} Kxe7 26. Qxg7+ Kd6
27. Qxh8 {White has regained his material, and Black is hopelessly weak on the
dark squares. Weiß hat sein Material zurückgewonnen, und Schwarz ist auf den
dunklen Feldern hoffnungslos schwach.} Ra8 28. Qf8+ Kc6 29. cxb5+ axb5 30. Rc1+
Kb7 31. Qd6 Qe5 32. Rc7+ Kb8 33. Qb6+ 1-0

[Event "WchT 3rd"]
[Site "Luzern"]
[Date "1993.??.??"]
[Round "6.1"]
[White "Ivanchuk, Vassily"]
[Black "Vaganian, Rafael A"]
[Result "1-0"]
[WhiteElo "2705"]
[BlackElo "2615"]
[Annotator "Ribli,Z"]
[PlyCount "70"]
[EventDate "1993.10.24"]
[EventType "team-tourn"]
[EventRounds "9"]
[EventCountry "SUI"]
[SourceTitle "CBM 038"]
[Source "ChessBase"]
[SourceDate "1994.02.01"]
[SourceVersion "1"]
[SourceVersionDate "1994.02.01"]
[SourceQuality "1"]
[WhiteTeam "Ukraine"]
[BlackTeam "Armenia"]
[WhiteTeamCountry "UKR"]
[BlackTeamCountry "ARM"]

1. c4 c5 2. Nf3 Nf6 3. Nc3 Nc6 4. e4 e5 (4... e6 $5) 5. g3 d6 (5... g6 $5) 6.
Bg2 Be7 7. d3 O-O 8. O-O a6 (8... Nd4 $5 9. Nxd4 cxd4 10. Ne2 Nd7 11. f4 $14)
9. Ne1 Nd4 10. Nc2 b5 11. Ne3 bxc4 12. dxc4 Re8 13. f4 exf4 (13... Bb7 14. f5
$14) 14. gxf4 Rb8 (14... Bb7 $2 15. e5 $1 Bxg2 16. exf6 Bxf1 17. fxe7 Qxe7 18.
Qxf1 $16) 15. Qd3 Bf8 16. b3 g6 17. Bd2 Bg7 18. Rae1 Bd7 (18... Bb7 $5) 19. Ne2
$5 Nxe2+ 20. Rxe2 Bc6 21. Nd1 Rb7 22. Bf3 Rbe7 23. Rfe1 Nd7 24. Bc3 (24. Qxd6
$2 Bd4+ 25. Be3 Re6 $18) 24... Nf8 25. Bxg7 Kxg7 26. Qc3+ Kg8 (26... f6 27. e5
$1 Bxf3 28. exf6+ $18) 27. Ne3 $1 f5 (27... Bxe4 28. Ng4 $18) (27... h5 $5 28.
Nd5 Bxd5 29. cxd5 $36) 28. Bg2 Rxe4 (28... Bxe4 29. Bxe4 Rxe4 30. Ng4 $18) 29.
Ng4 $1 Rd4 30. Rxe8 Bxe8 31. Rxe8 Qh4 32. Bd5+ Kg7 33. Nf2 Qxf4 34. Qe1 Qg5+
35. Kf1 Rd2 (35... Rd2 36. Nh3 $18) 1-0

[Event "Ciocaltea Memorial"]
[Site "Bucharest"]
[Date "2002.03.11"]
[Round "8"]
[White "Lupulescu, Constantin"]
[Black "Rogozenco, Dorian"]
[Result "1/2-1/2"]
[WhiteElo "2473"]
[BlackElo "2530"]
[Annotator "Rogozenco,D"]
[PlyCount "74"]
[EventDate "2002.03.04"]
[EventType "tourn"]
[EventRounds "11"]
[EventCountry "ROU"]
[EventCategory "9"]
[SourceTitle "CBM 088"]
[Source "ChessBase"]
[SourceDate "2002.03.21"]
[SourceVersion "1"]
[SourceVersionDate "2002.03.21"]
[SourceQuality "1"]

1. e4 c5 2. Nf3 Nc6 3. Nc3 e5 4. Bc4 Be7 5. d3 d6 6. Nd2 Nf6 (6... Bg5 {
is another direction. After the game move White gets an edge in most of the
cases.}) 7. Nf1 Bg4 8. f3 Be6 9. Ne3 O-O 10. O-O {The starting position of
this Anti-Sveshnikov variation. White controls better square d5 and Black has
difficulties in getting counterplay. Still, Black's position is rather solid
and the evaluation is between equal and slightly better for White.} Rb8 {
Black has a large choice:} (10... Ne8 11. g3 $5 (11. f4)) (10... Nd4 11. a4 {
This move is more justified after Black placed the knight on d4.} a6 12. Ncd5
Nxd5 13. Nxd5 Bg5 14. Bxg5 Qxg5 15. c3 Bxd5 16. Bxd5 $14 {1-0 Nakamura,H-Krush,
I/Bermuda 2002 (56)}) (10... Nd7 11. Ned5 Nb6 12. Nxb6 Qxb6 13. Nd5 Bxd5 14.
Bxd5 Nb4 15. Bc4 $14 {1-0 Kasparov,G-Babula,V/Prague (simul) 2001 (54)}) (10...
a6 11. a4 (11. a3 $14) 11... Nb4 12. Qe2 $1 {This is an important move - it
stops Black from playing d5.} Rb8 (12... d5 13. exd5 Nfxd5 14. Nexd5 Nxd5 15.
Bxd5 Bxd5 16. Qxe5 Bc6 {though Black has some compensation.}) 13. Bd2 Nh5 14.
g3 Bg5 15. Rf2 Nc6 16. Raf1 Nd4 17. Qd1 Bxe3 18. Bxe3 Bh3 19. f4 $3 Nf6 20.
fxe5 dxe5 21. Rxf6 $1 gxf6 22. Bh6 f5 23. exf5 Qf6 24. Qh5 Bxf5 25. Nd5 Qe6 26.
Qg5+ {Golubev,M-Parligras,M/Bucharest 2001. A brilliant win of Mihail Golubev.}
) 11. f4 $146 {An interesting novelty. White doesn't waste time for queenside
pawn moves and starts immediatelty active actions on the kingside. However,
Black seems to get a good play on the queenside.} (11. a3 Nd4 12. Ba2 b5 13.
Ned5 Nxd5 14. Nxd5 Bg5 15. Bxg5 Qxg5 16. c3 Nc6 17. Qe1 Qd8 18. Ne3 Bxa2 19.
Rxa2 Ne7 20. b4 Qb6 21. Kh1 a5 22. bxa5 Qxa5 23. c4 b4 24. Ra1 Qc7 25. axb4 {
1/2-1/2 Almasi,Z-San Segundo Carrillo,P/Ohrid 2001}) (11. a4 Nb4 12. Qe2 $14 {
/=.}) 11... exf4 12. Ned5 (12. Rxf4 Nd7 $11) 12... Bxd5 13. Nxd5 b5 14. Bb3 a5
15. a4 Nd4 16. Nxe7+ Qxe7 17. Ba2 (17. c3 $2 Nxb3 18. Qxb3 c4 $1 19. dxc4 Nxe4
$17 {with a double threat - Qa7 and Nc5.}) 17... bxa4 18. c3 Ne6 19. Bxe6 (19.
Qxa4 Ng4 20. Bxf4 Rxb2 {is also fine for Black.}) 19... fxe6 20. Rxf4 Nd7 $1 {
Now White has some problems, since Black might develop a strong initiative on
the kingside.} 21. Rxf8+ Rxf8 22. Qe2 (22. Rxa4 $2 Qh4 23. g3 Qh3 24. Bf4 (24.
Rxa5 $2 Ne5 25. Bf4 Ng4 26. Qe2 e5 $19) (24. Qe2 Ne5 25. Bf4 Ng4 26. Qg2 Qh5 $1
27. h3 (27. Rxa5 e5 28. h3 exf4 29. hxg4 Qxg4 $19) 27... Ne3 $1 28. Bxe3 Qd1+
29. Kh2 Qxa4 $19) 24... Nf6 (24... e5 25. Bg5 $1) 25. Qe2 e5 26. Be3 Ng4 27.
Ra1 $17 {and we have a similar position from the game (after move 32), only
that Black kept his a-pawn.}) 22... Qh4 (22... Nb6 $15) 23. g3 Qh3 24. Bf4 $6 (
24. Bg5 $8 $13) 24... e5 25. Bd2 $1 (25. Bg5 h6 $17 26. Be7 $140 $2 Rc8 27.
Bxd6 Qe6 $19) (25. Be3 Nf6 26. Rf1 h6 $17) 25... Rb8 $2 (25... Nf6 26. Rf1 Rb8
27. Bc1 $15 (27. Bg5 Nd7 28. Ra1 h6 29. Be3 Nf6 30. Rxa4 Ng4 $17)) 26. Be3 Nf6
27. Bg5 $1 $11 Ne8 (27... Ng4 28. Be7 Rb6 29. Rf1 $132) 28. Rxa4 h6 29. Be3 Nf6
30. Rxa5 $1 Ng4 31. Ra2 $1 Rf8 32. Ra1 {White is in time to defend.} h5 33. Re1
$8 {Again the only move. Now Black must force a draw, since he is a pawn down
and the attack is about to end.} (33. b4 $2 h4 $19) 33... Rf2 (33... h4 $2 34.
Qg2) 34. Bxf2 Qxh2+ 35. Kf1 Qh3+ 36. Kg1 Qh2+ 37. Kf1 Qh3+ 1/2-1/2

[Event "World Cup"]
[Site "Khanty-Mansiysk"]
[Date "2007.12.03"]
[Round "4.1"]
[White "Akopian, Vladimir Eduardovic"]
[Black "Shirov, Alexei"]
[Result "0-1"]
[WhiteElo "2713"]
[BlackElo "2739"]
[Annotator "Rogozenco,D"]
[PlyCount "98"]
[EventDate "2007.11.24"]
[EventType "k.o."]
[EventRounds "7"]
[EventCountry "RUS"]
[SourceTitle "CBM 122"]
[Source "ChessBase"]
[SourceDate "2008.01.30"]
[SourceVersion "1"]
[SourceVersionDate "2008.01.30"]
[SourceQuality "1"]

{The present game proves once again that Shirov is a highly inconvenient
opponent for Akopian - their personal score is very much in Alexey's favour.} 
1. e4 c5 2. Nf3 Nc6 3. Bb5 {Akopian often plays the Open Sicilian (3.d4), but
when he knows that the opponent can play the Sveshnikov Variation, he usually
avoids it with 3.Bb5. Shirov himself uses this move from time to time.} e6 {
Alexey plays both 3...e6 and 3...g6 equally often.} 4. O-O Nge7 5. b3 a6 6.
Bxc6 Nxc6 7. Bb2 {The idea behind the line 5.b3 is obvious: due to the
pressure on g7 Black has difficulties to complete the kingside development. On
the other hand it is not clear how should White use his development advantage.
Normally he should open up the position, but this is double-edged: the
opponent has no weaknesses and Black's bishop pair can later play its role.
Akopian goes for another plan: he keeps the position closed and tries to take
advantage of knights over bishops. The drawback of this plan is that Black can
easily complete development.} b5 8. c4 {The other possibility is to open the
position with d2-d4, either immediately or after 8.a4.} bxc4 9. bxc4 Rb8 10.
Bc3 d6 11. Na3 e5 12. Nc2 {The main problem for Black is to find a job for the
dark-squared bishop. Usually the bishop goes to e7 and then according to
circumstances, to d8 or g5. After finishing development Black's plan in such
structures is to prepare the advance ...f5. With the next move Shirov combines
his tasks.} g6 $146 {Black brings the bishop to the diagonal c1-h6 in the
quickest possible way and at the same time prepares for the advance ...f5.} ({
Akopian has pleasant memories with this position:} 12... Be7 13. Ne3 O-O 14. d3
Qe8 15. Rb1 Rxb1 16. Qxb1 Bd8 17. Nd2 g6 18. Nd5 {Apparently Kasparov did
everything correctly: his bishops control the important squares on the
queenside and he is ready for the advance ...f5. But the problem is that
opening the kingside will favour White, whos pieces will turn out to be more
active.} f5 19. exf5 gxf5 {This activity backfires.} 20. f4 $1 Rf7 21. Qe1 Rg7
22. Nf3 Qg6 23. g3 {White's minor pieces are very strong and Black is unable
to hold the position.} Rf7 24. fxe5 f4 25. exd6 fxg3 {1-0 Akopian,V (2678)
-Kasparov,G (2838)/Moscow (rapid) 2002}) 13. Ne3 Bh6 14. Qa4 (14. Nd5 $142 O-O
15. Qa4 Nd4 $140 $6 16. Nxd4 cxd4 17. Ba5 Qg5 18. Qa3 $1 $36) 14... Bd7 15.
Rfb1 (15. Qxa6 {allows the repetition of moves:} Ra8 16. Qb7 Rb8 17. Qa6 {
It is understandable that in the first game of the match Akopian wasn't happy
with a quick draw with White, but objectively this would have been the best
decision.}) 15... Bxe3 $1 16. fxe3 (16. dxe3 Nd4 17. Qd1 Nxf3+ 18. Qxf3 O-O $15
{[%csl Rc4,Re4][%cal Gd7e6]}) 16... Nd4 17. Qxa6 ({White had to forget about
his ambitions and play for a draw after} 17. Qd1 Nxf3+ 18. Qxf3 O-O 19. d3 $15
{/=}) 17... Ne2+ 18. Kf2 Nxc3 19. dxc3 Ke7 {Shirov's positional pawn sacrifice
led to a position with a great compensation for Black. White doesn't have good
squares for the knight (which would happily come to d5, but squares c3 and e3
are not available). Besides, almost all White's pawns are weak.} 20. Nd2 ({
Deserved attention} 20. a4 {with the intention to bring the pawn on a5 as
quick as possible.}) 20... Ra8 21. Qb7 Qa5 22. Qb2 Rhb8 23. Qc2 Rxb1 24. Nxb1
Rb8 25. Nd2 Qa4 $1 {White's queen is the best defensive piece, which also
might become active some day. After the exchange of queens it becomes clear
that White has a long and difficult defense ahead.} 26. Rc1 (26. Qc1 Be6 $15 {
/-/+}) 26... Qxc2 27. Rxc2 Ba4 28. Nb3 Bc6 29. Nd2 Ba4 30. Nb3 h5 $1 $17 31.
Ke1 h4 32. Kd2 Bc6 33. Kd3 f5 $1 {The best way to increase the advantage.
Black opens more files and diagonals for his pieces. In spite of still having
an extra pawn, White's position is strategically completely lost.} 34. exf5
gxf5 35. Rf2 Ke6 36. Ke2 (36. g3 hxg3 37. hxg3 Be4+ (37... Rg8 38. Rh2 Rxg3 39.
Ke2 $17) 38. Ke2 Ra8 $19) 36... Ra8 37. Ke1 Ra4 $19 38. g3 hxg3 39. hxg3 Be4
40. Rh2 Rxc4 41. Kd2 (41. Nd2 Rxc3 42. Nxe4 fxe4 $19) 41... Ra4 42. Kc1 c4 43.
Na1 Ra8 {The triumph of the bishop versus knight.} 44. Rd2 Rg8 45. a4 Rxg3 46.
Nc2 Bxc2 47. Rxc2 Rxe3 48. a5 Kd7 49. a6 Kc7 0-1

[Event "POL-ch 54th"]
[Site "Sopot"]
[Date "1997.??.??"]
[Round "5"]
[White "Pedzich, Dominik"]
[Black "Myc, Marcin"]
[Result "0-1"]
[WhiteElo "2465"]
[BlackElo "2335"]
[Annotator "Rogozenco,D"]
[PlyCount "78"]
[EventDate "1997.03.18"]
[EventType "tourn"]
[EventRounds "15"]
[EventCountry "POL"]
[EventCategory "9"]
[SourceTitle "CBM 059"]
[Source "ChessBase"]
[SourceDate "1997.08.01"]
[SourceVersion "1"]
[SourceVersionDate "1997.08.01"]
[SourceQuality "1"]

1. e4 c5 2. Nf3 Nc6 3. Bb5 e6 4. O-O Nge7 5. Re1 a6 6. Bxc6 Nxc6 7. d4 cxd4 8.
Nxd4 d6 9. Nc3 Bd7 10. Nxc6 bxc6 (10... Bxc6 11. Nd5 Be7 12. Nxe7 Qxe7 13. b3
O-O 14. Ba3 Rfd8 15. Qd2 Qf6 16. Rad1 Qg6 17. f3 d5 18. Qd3 b5 19. e5 Rdc8 20.
Bc5 a5 $11 {Chiburdanidze-Sveshnikov/Tashkent 1980}) 11. Qd3 $146 (11. Qg4 Qf6
12. Be3 e5 13. Qe2 Be7 14. Na4 Be6 15. Nb6 Rd8 16. Qxa6 O-O {Zagrebelny -
Sveshnikov/Budapest 1989}) (11. e5 d5 12. Qg4 h5 13. Qg3 h4 14. Qg4 h3 15. g3
Qc7 16. a3 Rb8 17. b3 c5 18. Ne2 g6 19. Bg5 Bg7 $13 {Gipslis - Richter/1996}) (
11. Re3 $5 Be7 12. Rg3 Bh4 13. Rh3 e5 14. Rd3 Be7 15. b3 Qa5 16. a4 $16 {
Horvath - Podlesnik/Gleisdorf 1996}) 11... h5 $5 (11... Be7 12. Qg3 O-O 13. Bh6
Bf6 14. e5 dxe5 15. Ne4 $16) 12. b3 h4 13. h3 Qa5 14. Bd2 (14. a4 $5) 14... Qc7
15. Rad1 Be7 16. Bf4 $6 e5 17. Be3 g5 $1 18. f3 Be6 19. Na4 O-O 20. Nb6 $2 (20.
Qd2 f6 21. c4 $13) 20... Rad8 21. Qxa6 d5 $17 22. c3 d4 $1 23. Bf2 (23. cxd4
exd4 24. Rxd4 $2 Bc5 25. Rxd8 Bxe3+ 26. Rxe3 Rxd8 27. Re1 Bxh3 28. gxh3 Qg3+
29. Kf1 Qxf3+ 30. Kg1 Rd2 $19) 23... Rb8 24. Na4 Rb5 $19 25. Nb2 Bc8 26. Qa4
Ra5 27. cxd4 Rxa4 28. Nxa4 exd4 29. Rxd4 Rd8 30. Rxd8+ Qxd8 31. e5 Qd2 32. Re4
Be6 33. Nb6 Qxa2 34. Nc4 Qxb3 35. Ne3 c5 36. Kh2 Qa2 37. Bg1 c4 38. f4 gxf4 39.
Rxf4 c3 0-1